Statistics for NBA Playoffs 2015 Leaders

Click here to take the quiz!

General Stats

  • This quiz has been taken 23 times
  • The average score is 15 of 24

Answer Stats

Player% Correct
LeBron James
100%
Stephen Curry
100%
James Harden
96%
Klay Thompson
96%
Tristan Thompson
96%
Draymond Green
91%
Blake Griffin
78%
Chris Paul
78%
DeAndre Jordan
70%
Dwight Howard
70%
Al Horford
65%
Derrick Rose
65%
Jimmy Butler
61%
John Wall
61%
Paul Millsap
61%
Andrew Bogut
57%
Andre Iguodala
52%
Jeff Teague
52%
Marc Gasol
48%
Pau Gasol
48%
Trevor Ariza
35%
Iman Shumpert
26%
Timofey Mozgov
17%
Tony Allen
17%

Score Distribution

Percentile by Number Answered

Percent of People with Each Score

Your Score History

You have not taken this quiz